|
|
|
|
| LEADER |
00764cam a2200193 7i4500 |
| 001 |
0000007439 |
| 005 |
20170218090000.0 |
| 020 |
|
|
|a 8178081458 (pbk.)
|
| 020 |
|
|
|a 9788178081458
|
| 090 |
0 |
0 |
|a TK5105.5
|b .K47 1997
|
| 100 |
1 |
|
|a Keshav, S
|
| 245 |
1 |
3 |
|a An engineering approach to computer networking :
|b ATM networks, the Internet, and the telephone network
|c S. Keshav.
|
| 260 |
|
|
|a Singapore:
|b Pearson Education Asia,
|c 1997.
|
| 300 |
|
|
|a xviii, 660 p.:
|b ill.;
|c 24 cm.
|
| 490 |
0 |
|
|a Addison-Wesley professional computing series
|
| 504 |
|
|
|a Includes bibliographical references and index
|
| 650 |
0 |
0 |
|a Computer network
|
| 997 |
|
|
|a Communication, Visual Art & Computing, Faculty
|b Computing, Department
|
| 999 |
|
|
|a 0000002353
|b BOK
|c OPEN SHELF
|e 2nd Floor, Bestari Jaya
|